Diccionario de términos económicos
Tallennettuna:
| Päätekijä: | |
|---|---|
| Aineistotyyppi: | Kirja |
| Kieli: | espanja |
| Julkaistu: |
Santiago
Universitaria
1998
|
| Painos: | 9a. ed |
| Aiheet: | |
| Tagit: |
Lisää tagi
Ei tageja, Lisää ensimmäinen tagi!
|
MARC
| LEADER | 00000nam a2200000 a 4500 | ||
|---|---|---|---|
| 001 | UCH3768 | ||
| 003 | CL-VaPUC | ||
| 008 | 090818e19980000CL |||||||||||||||||spa|d | ||
| 020 | |a 9561114011 | ||
| 082 | 0 | 4 | |a 330.03 |b SEP |2 21 |
| 100 | 0 | |a Sepúlveda L., César |e author |9 539255 | |
| 245 | 1 | 0 | |a Diccionario de términos económicos |
| 250 | |a 9a. ed | ||
| 300 | |a 186 p | ||
| 942 | |c BK | ||
| 945 | |d 20090818 00:00:00 |a lazolas | ||
| 260 | |a Santiago |b Universitaria |c 1998 | ||
| 650 | 0 | |a Economía |9 255568 | |
| 650 | 0 | |a Finanzas |9 260832 | |
| 650 | 0 | |a Diccionarios |9 256200 | |
| 583 | |a last modification |c 20090818 00:00:00 |k Rodrigo Vera | ||
| 999 | |c 335201 |d 335199 | ||